[Event "TCh-SVK Extraliga 2010-11"]
[Site "Prievidza CZE"]
[Date "2011.01.15"]
[Round "3.5"]
[White "Csiba,D"]
[Black "Lanc,A"]
[Result "1-0"]
[WhiteElo "2378"]
[BlackElo "2399"]

1.e4 d6 2.d4 Nf6 3.Nc3 e5 4.Nf3 Nbd7 5.Bc4 Be7 6.O-O O-O 7.a4 a5 8.Re1 c6
9.Ba2 h6 10.h3 Re8 11.Nh4 exd4 12.Qxd4 Nf8 13.Qd3 N6h7 14.Nf3 Be6 15.Nd4 Bxa2
16.Nxa2 Bf6 17.Be3 d5 18.exd5 Qxd5 19.Nc3 Qe5 20.Nf3 Qc7 21.Qc4 Ne6 22.Rad1 Be7
23.Nh4 Bf8 24.Nf5 Rad8 25.Nd4 Nxd4 26.Bxd4 Rxe1+ 27.Rxe1 Qf4 28.Ne4 Ng5 29.Bc3 Nxe4
30.Qxe4 Qxe4 31.Rxe4 Rd1+ 32.Re1 Rxe1+ 33.Bxe1 b6 34.Kf1 f5 35.Ke2 Kf7 36.Kd3 Ke6
37.Kc4 g6 38.f3 Bc5 39.Bxa5 Ke5 40.Bd2 h5 41.a5  1-0

[Event "TCh-SWE Elitserien 2010-11"]
[Site "Sweden SWE"]
[Date "2011.01.15"]
[Round "6"]
[White "Jonsson,M"]
[Black "Johansson,Ja SWE"]
[Result "0-1"]
[WhiteElo "2332"]
[BlackElo "2424"]

1.e4 d6 2.d4 Nf6 3.Nc3 e5 4.Nf3 Nbd7 5.Bc4 Be7 6.O-O O-O 7.Re1 c6 8.a4 b6
9.h3 a6 10.Bg5 Bb7 11.dxe5 Nxe5 12.Ba2 b5 13.Nd4 b4 14.Nb1 h6 15.Bh4 Ng6
16.Bg3 c5 17.Nf5 Bxe4 18.Nxd6 Bxd6 19.Qxd6 Qc8 20.Rxe4 Rd8 21.Qb6 Rd1+ 22.Kh2 Nxe4
23.Qxg6 Nxg3 24.Bxf7+ Kh8 25.fxg3 Qd8 26.c3 Qg5 27.Qxg5 hxg5 28.Bg6 g4 29.hxg4 Rf8
30.g5 a5 31.g4 Rf2 32.cxb4 cxb4 33.b3 Kg8 34.Bf5 Kf7 35.g6+ Kf6 36.Kg3 Rb2
37.Kf3 Ke5 38.Ke3 Rxg2 39.Kf3 Rb2 40.Ke3 Rh2 41.Kf3 Rc1 42.Kg3 Re2 43.Kf3 Rce1
44.Bd3 Rb2 45.Bf5 Kd4 46.Kf4 Rf2+ 47.Kg5 Ke5 48.Bc8 Rg1 49.Ba6 Rf5+ 50.Kh4 Kf4
51.Nc3 Rxg4+ 52.Kh3 Rh5+  0-1

[Event "9th Parsvnath Open"]
[Site "New Delhi IND"]
[Date "2011.01.16"]
[Round "11"]
[White "Kravtsiv,M"]
[Black "Murali Krishnan,B"]
[Result "1-0"]
[WhiteElo "2566"]
[BlackElo "2358"]

1.e4 d6 2.d4 Nf6 3.Nc3 e5 4.Nf3 Nbd7 5.Bc4 Be7 6.O-O O-O 7.a4 c6 8.Re1 Qc7
9.Ba2 b6 10.dxe5 dxe5 11.Nh4 g6 12.Bh6 Re8 13.Qf3 Bf8 14.Bg5 Bg7 15.Rad1 Qd8
16.Rd6 h6 17.Bxf6 Bxf6 18.Nxg6 Kg7 19.Nh4  1-0

[Event "Magic Valley IM"]
[Site "Rodatychi UKR"]
[Date "2011.01.16"]
[Round "8"]
[White "Korchmar,V"]
[Black "Ianov,V"]
[Result "1-0"]
[WhiteElo "2216"]
[BlackElo "2329"]

1.e4 d6 2.d4 Nf6 3.Nc3 e5 4.Nf3 Nbd7 5.Bc4 Be7 6.O-O O-O 7.Re1 c6 8.a4 a5
9.Ba2 exd4 10.Nxd4 Nc5 11.h3 Re8 12.Bf4 Qb6 13.e5 dxe5 14.Bxe5 Bd7 15.Qf3 Rad8
16.Qg3 Qb4 17.Re3 Bc8 18.Rae1 Kf8 19.Bxf6 gxf6 20.Qh4  1-0

[Event "73rd Tata Steel GMC"]
[Site "Wijk aan Zee NED"]
[Date "2011.01.16"]
[Round "2"]
[White "Pruijssers,R"]
[Black "Ivanisevic,I"]
[Result "1/2-1/2"]
[WhiteElo "2484"]
[BlackElo "2630"]

1.e4 d6 2.d4 Nf6 3.Nc3 e5 4.Nf3 Nbd7 5.Bc4 Be7 6.O-O O-O 7.Re1 c6 8.a4 a5
9.b3 Nb6 10.Bf1 exd4 11.Qxd4 Bg4 12.Be2 Re8 13.h3 Bh5 14.Be3 Nbd7 15.g4 Bg6
16.g5 Nh5 17.Qd1 d5 18.exd5 Bb4 19.Bd2 Nc5 20.dxc6 bxc6 21.Na2 Bxd2 22.Qxd2 Qxd2
23.Nxd2 Nf4 24.Bf1 Red8 25.Nf3 Be4 26.Ne5 Rd5 27.f3 Rxe5 28.fxe4 Rxg5+ 29.Kf2 Nd7
30.Rad1 Ne5 31.Rd6 h5 32.Re3 Rg6 33.Rxg6 fxg6 34.Nc1 Rf8 35.Kg1 Kf7 36.Rc3 Ke6
37.Rc5 Nf3+ 38.Kh1 g5 39.Rxa5 Nd2 40.Bg2 Rd8 41.Rxg5 Nc4 42.Ne2 Nxe2 43.bxc4 Rd2
44.h4 Nf4 45.a5 Rxc2 46.Bf1 Rc1 47.Rg1 Ke5 48.Bg2 Rc2 49.Bf3 Rc3 50.Rg5+ Kd4
51.Bxh5  1/2-1/2

[Event "B2 Masters"]
[Site "Marianske Lazne CZE"]
[Date "2011.01.17"]
[Round "3"]
[White "Iwanow,A"]
[Black "Szablowski,P"]
[Result "1-0"]
[WhiteElo "2097"]
[BlackElo "2340"]

1.e4 d6 2.d4 Nf6 3.Nc3 e5 4.Nf3 Nbd7 5.Bc4 Be7 6.O-O O-O 7.Re1 c6 8.a4 a5
9.b3 Qc7 10.Bb2 Nb6 11.Bd3 Bg4 12.Nb1 exd4 13.Bxd4 Nfd7 14.h3 Bh5 15.Nbd2 Bf6
16.Bxf6 Nxf6 17.Nf1 Rfe8 18.Ng3 Bg6 19.Qd2 Nbd7 20.Qf4 Nc5 21.Rad1 Rad8 22.Nd4 Nxd3
23.Rxd3 Nd5 24.Qd2 Nb4 25.Rde3 h6 26.f4 f6 27.Qe2 Kh7 28.c3 Na6 29.f5 Bf7
30.Nh5 c5 31.Nb5 Qe7 32.Qg4 Rg8 33.c4 Nb4 34.R1e2 Nc6 35.Nf4 Ne5 36.Qg3 g6
37.fxg6+ Bxg6 38.Nd5 Qf7 39.Qf4 f5 40.Nxd6 Rxd6 41.exf5 Qxf5 42.Rxe5 Qxf4
43.Nxf4 Rb6 44.Rxc5 Rxb3 45.Nxg6 Rxg6 46.Re7+ Kh8 47.Rxa5 Rb4 48.c5 Rg8 49.Rb5 Rxa4
50.Rbxb7 Rc8 51.Rbc7 Rb8 52.Rh7+ Kg8 53.Rhg7+ Kh8 54.Rh7+ Kg8 55.Rxh6  1-0

[Event "GMA"]
[Site "Marianske Lazne CZE"]
[Date "2011.01.17"]
[Round "3"]
[White "Smith,Bry"]
[Black "Malaniuk,V"]
[Result "1-0"]
[WhiteElo "2458"]
[BlackElo "2518"]

1.e4 d6 2.d4 Nf6 3.Nc3 e5 4.Nge2 Nbd7 5.h3 c6 6.g4 b5 7.a3 a5 8.Ng3 Nb6 9.Be3 Qc7
10.d5 Ba6 11.dxc6 Qxc6 12.Bxb6 Qxb6 13.g5 Nd7 14.Nf5 Nc5 15.b4 Ne6 16.Nd5 Qd8
17.a4 Rb8 18.axb5 Bxb5 19.Bxb5+ Rxb5 20.c4 Rb8 21.h4 axb4 22.Ra7 b3 23.Qa1 Nc5
24.Nc7+ Kd7 25.Na6+ Kc8 26.Nxc5 Qb6 27.Nd7 Qb4+ 28.Ke2 Qxc4+ 29.Kf3 b2 30.Qa5 Rb3+
31.Ne3 Qc6 32.Nxf8  1-0

[Event "Marienbad Open"]
[Site "Marianske Lazne CZE"]
[Date "2011.01.17"]
[Round "3"]
[White "Simonian,H"]
[Black "Zboril,J"]
[Result "1-0"]
[WhiteElo "2475"]
[BlackElo "2013"]

1.e4 d6 2.d4 Nf6 3.Nc3 e5 4.Nf3 Nbd7 5.Bc4 h6 6.O-O Be7 7.a4 c6 8.a5 Qc7
9.Re1 Nf8 10.Qd3 g5 11.dxe5 dxe5 12.Ne2 Be6 13.Ng3 Rd8 14.Qc3 Bxc4 15.Qxc4 Ne6
16.Nf5 Nh5 17.Be3 g4 18.N3h4 c5 19.Nxe7 Kxe7 20.Nf5+ Kf6 21.Qe2 Nhf4 22.Qxg4 Nxg2
23.Qxg2 Rhg8 24.Ng3 Nf4 25.Qf3 Ke7 26.Kh1 Rg6 27.Nf5+ Kf8 28.Rg1 Rf6 29.Bxf4 exf4
30.Rg4  1-0

[Event "73rd Tata Steel GMC"]
[Site "Wijk aan Zee NED"]
[Date "2011.01.17"]
[Round "3"]
[White "Vocaturo,D"]
[Black "Kazhgaleyev,M"]
[Result "1-0"]
[WhiteElo "2570"]
[BlackElo "2637"]

1.e4 d6 2.d4 Nf6 3.Nc3 e5 4.Nf3 Nbd7 5.Bc4 Be7 6.O-O O-O 7.Re1 c6 8.a4 exd4
9.Nxd4 Ne5 10.Bf1 Re8 11.h3 Bf8 12.Bf4 Bd7 13.Bh2 Qb6 14.a5 Qc7 15.Kh1 Ng6
16.f4 b5 17.axb6 Qxb6 18.Qd2 a5 19.Nb3 Red8 20.Bd3 d5 21.e5 Ne4 22.Nxe4 dxe4
23.Bxe4 a4 24.Nc1 Qxb2 25.Nd3 Qd4 26.f5 Ne7 27.e6 Be8 28.Bc7 c5 29.Bxa8 Rxa8
30.Be5 Qd5 31.f6 gxf6 32.Bxf6 Ng6 33.e7 Bg7 34.Bxg7 Kxg7 35.Qc3+ f6 36.Qxc5 Qxc5
37.Nxc5 Kf7 38.Rab1 a3 39.Rb3 a2 40.Ra1 Bc6 41.Nd3 Bd5 42.Rb5 Nxe7 43.Nf4 Bc4
44.Rb4 Rc8 45.Kh2 Rc7 46.Ra4 Nf5 47.Nd3 Ne3 48.Nb4 f5 49.Nxa2 Kf6 50.Re1 f4
51.Nc3 Kf5 52.Nd1 Nf1+ 53.Kg1 Ng3 54.Ra5+ Kg6 55.Nc3 h5 56.Ree5 h4 57.Rg5+ Kf6
58.Rg4 Be6 59.Ne4+ Ke7 60.Rg7+ Bf7 61.Nxg3 hxg3 62.Rf5  1-0

[Event "3rd Chennai Open"]
[Site "Chennai IND"]
[Date "2011.01.18"]
[Round "1"]
[White "Narayanan,Sri"]
[Black "Neelotpal,D"]
[Result "0-1"]
[WhiteElo "2314"]
[BlackElo "2477"]

1.e4 d6 2.d4 Nf6 3.Nc3 e5 4.Nf3 Nbd7 5.Bc4 Be7 6.O-O O-O 7.Re1 a6 8.a4 b6
9.b3 Bb7 10.Bb2 c6 11.Bd3 g6 12.Nb1 Qc7 13.Nbd2 Rfe8 14.c4 a5 15.Qc2 Bf8
16.Rad1 Bg7 17.Nf1 Nh5 18.Qd2 exd4 19.Nxd4 Nc5 20.Bc2 Rad8 21.Bc3 Qc8 22.Nf3 d5
23.exd5 Rxe1 24.Qxe1 cxd5 25.Bxg7 Nxg7 26.Ne5 d4 27.f3 Re8 28.Rxd4 f6 29.Qd2 fxe5
30.Rd6 Bc6 31.Ne3 Nb7 32.Rf6 Qd8 33.Qxd8 Nxd8 34.Ng4 Nh5 35.Rd6 Kf7 36.Be4 Bxe4
37.fxe4 Nf4 38.Rxb6 Ne2+ 39.Kf2 Nd4 40.Ke3 N8c6 41.Rb7+ Ke6 42.Rxh7 Rb8 43.Rg7 Rxb3+
44.Kf2 Ne7 45.Nxe5 Rb2+ 46.Kf1 Rb1+ 47.Kf2 Rb2+ 48.Kf1 Kxe5 49.Rxe7+ Kf4
50.Rh7 Rb1+ 51.Kf2 Rb2+ 52.Kf1 Ra2 53.c5 Rxa4 54.g3+ Kf3 55.Rf7+ Kxe4 56.Kg2 Ra2+
57.Kh3 Rc2 58.Re7+ Kf5 59.Rc7 Ne6 60.Rf7+ Kg5 61.Ra7 Rxc5 62.Kg2 Nd4 63.Ra6 Rc2+
64.Kh3 Ra2 65.Rd6 Nf3 66.Rd5+ Kh6 67.g4 Nxh2 68.Kh4 Ra4  0-1

[Event "3rd Chennai Open"]
[Site "Chennai IND"]
[Date "2011.01.18"]
[Round "1"]
[White "Minhazuddin,A"]
[Black "Ramnathan,B"]
[Result "1/2-1/2"]
[WhiteElo "2419"]
[BlackElo "2262"]

1.e4 d6 2.d4 Nf6 3.Nc3 Nbd7 4.f4 e6 5.Nf3 Be7 6.Be2 O-O 7.O-O c5 8.e5 Ne8
9.d5 Nb6 10.dxe6 Bxe6 11.Ne4 dxe5 12.Nxe5 Nf6 13.Ng5 Bf5 14.g4 Qxd1 15.Bxd1 Bc8
16.Bf3 h6 17.Ngxf7 Rxf7 18.Nxf7 Kxf7 19.g5 Ng8 20.a4 a5 21.Bd2 Bf5 22.Bxb7 Ra7
23.Bc6 Bxc2 24.Rf2 Bb3 25.h4 Bd5 26.Bb5 Bd6 27.Re1 Ne7 28.h5 Nc6 29.g6+ Kf6
30.Bxc6 Bxc6 31.f5 Bd5 32.Bc3+ Kg5 33.f6 Bg3 34.fxg7 Bxf2+ 35.Kxf2 Bb3 36.Re3 Bc4
37.Re5+ Kf4 38.Rxc5 Bg8 39.Bxa5 Nxa4 40.Rb5 Nxb2 41.Bd2+ Kg4 42.Rxb2 Ra2
43.Rxa2 Bxa2  1/2-1/2

[Event "3rd Chennai Open"]
[Site "Chennai IND"]
[Date "2011.01.19"]
[Round "3"]
[White "Chaithanyaa,K"]
[Black "Annurudha,G"]
[Result "1-0"]
[WhiteElo "1997"]
[BlackElo "2166"]

1.e4 d6 2.d4 Nf6 3.Nc3 e5 4.Nf3 Nbd7 5.Bc4 Be7 6.O-O c6 7.a4 O-O 8.h3 Qc7
9.Be3 b6 10.Bb3 a6 11.Qe2 Bb7 12.Rfd1 b5 13.axb5 axb5 14.Rxa8 Bxa8 15.dxe5 dxe5
16.Nh4 Nc5 17.Bxc5 Bxc5 18.Nf5 g6 19.Qd2 Bb7 20.Qh6 Ne8 21.Nh4 Kh8 22.Rd3 Nf6
23.Rf3 Ng8 24.Nxg6+ fxg6 25.Rxf8 Bxf8 26.Qxf8 Qg7 27.Qb8 b4 28.Na4 Ba6 29.Nc5 Bb5
30.Ne6 Qf6 31.Ng5  1-0

[Event "73rd Tata Steel GMC"]
[Site "Wijk aan Zee NED"]
[Date "2011.01.20"]
[Round "5"]
[White "Lahno,Kateri"]
[Black "Siebrecht,S"]
[Result "1-0"]
[WhiteElo "2518"]
[BlackElo "2439"]

1.e4 d6 2.d4 Nf6 3.Nc3 e5 4.Nf3 Nbd7 5.Bc4 Be7 6.O-O O-O 7.a4 a5 8.h3 c6
9.b3 Nb6 10.Bd3 exd4 11.Nxd4 d5 12.e5 Nfd7 13.Re1 Nc5 14.Nf5 Nxd3 15.Nxe7+ Qxe7
16.cxd3 Re8 17.d4 Bf5 18.Ne2 Nd7 19.Ng3 Bg6 20.f4 Qe6 21.Ba3 b6 22.Rc1 Rac8
23.Qf3 f5 24.Re2 Bf7 25.Rec2 Nf8 26.Qd3 Qd7 27.Bxf8 Rxf8 28.Qxf5 Be6 29.Qg5 h6
30.Qh4 c5 31.Rf2 c4 32.bxc4 Rxc4 33.Rxc4 dxc4 34.f5 Bd5 35.Nh5 c3 36.Qg3 Qc7
37.Rc2 Rxf5 38.Rxc3 Qf7 39.Nf6+ Rxf6 40.exf6 Qxf6 41.Rc8+ Kh7 42.Qd3+ g6
43.Qe3  1-0

[Event "3rd Chennai Open"]
[Site "Chennai IND"]
[Date "2011.01.21"]
[Round "5"]
[White "Gavi,S"]
[Black "Ramnathan,B"]
[Result "0-1"]
[WhiteElo "1964"]
[BlackElo "2262"]

1.e4 d6 2.d4 Nd7 3.Nc3 Ngf6 4.Nf3 e6 5.Bf4 c6 6.a4 Be7 7.Bd3 O-O 8.O-O Nh5
9.Be3 f5 10.exf5 exf5 11.Ng5 Ndf6 12.d5 cxd5 13.Nxd5 Nxd5 14.Qxh5 Nf6 15.Qe2 Ng4
16.Nf3 Nxe3 17.Qxe3 Bf6 18.c3 Re8 19.Bc4+ Kh8 20.Qd2 Qc7 21.Rfe1 Bd7 22.Bb5 Bc6
23.Nd4 Qd7 24.Bxc6 bxc6 25.Qd3 f4 26.Qc4 c5 27.Qd5 Qf7 28.Nf3 h6 29.Qc6 Red8
30.Rad1 Qd7 31.Qe4 Rab8 32.Rd2 Re8 33.Qxf4 Rxe1+ 34.Nxe1 Bg5 35.Qxd6 Qe8
36.Re2 Qxe2 37.Qxb8+ Kh7 38.g3 Qxe1+ 39.Kg2 Qe4+ 40.Kg1 Qxa4 41.h4 Bf6 42.Qc7 Qa1+
43.Kg2 Qxb2 44.Qxc5 Qb6 45.Qf5+ Kh8 46.Qc8+ Qd8 47.Qc5 Qa8+ 48.f3 a5 49.Qh5 a4
50.g4 Qd8  0-1

[Event "3rd Chennai Open"]
[Site "Chennai IND"]
[Date "2011.01.21"]
[Round "6"]
[White "Babujian,L"]
[Black "Gokhale,C"]
[Result "1-0"]
[WhiteElo "2456"]
[BlackElo "2289"]

1.e4 d6 2.d4 Nf6 3.Nc3 e5 4.dxe5 dxe5 5.Qxd8+ Kxd8 6.f4 Bb4 7.Bd3 Nbd7 8.Nf3 Re8
9.fxe5 Nxe5 10.Nxe5 Rxe5 11.Bf4 Bxc3+ 12.bxc3 Rc5 13.O-O-O Ke8 14.Kb2 Be6
15.Rhf1 Nd7 16.Be3 Ra5 17.a3 Nb6 18.Bd4 Kf8 19.Rf4 c5 20.Be5 c4 21.Bd6+ Ke8
22.Bf1 Na4+ 23.Kc1 Nxc3 24.Re1 Nb5 25.Bb4 Ra4 26.Rf3 Rc8 27.Ree3 a5 28.Be1 g6
29.Bh4 Nd4 30.Rg3 b5 31.Bf6 Nc6 32.Rg5 b4 33.axb4 axb4 34.Kd1 Ra5 35.Rd5 Bxd5
36.exd5+ Kd7 37.Bxc4 Ne5 38.Bb3 Nc4 39.Re7+ Kd6 40.Re4 Rxd5+ 41.Kc1 Rdc5
42.Be7+ Kd5 43.Re1 Re8 44.Rd1+ Kc6 45.Ba4+  1-0

[Event "Marienbad Open"]
[Site "Marianske Lazne CZE"]
[Date "2011.01.21"]
[Round "8"]
[White "Chudinovskikh,A"]
[Black "Neuman,P"]
[Result "0-1"]
[WhiteElo "2286"]
[BlackElo "2476"]

1.e4 d6 2.d4 Nf6 3.Nc3 e5 4.dxe5 dxe5 5.Qxd8+ Kxd8 6.Bc4 Be6 7.Bxe6 fxe6
8.Bg5 Bd6 9.O-O-O Ke7 10.f3 Na6 11.Nge2 c6  0-1

[Event "TCh-CZE 2010-11"]
[Site "Czech Rep CZE"]
[Date "2011.01.22"]
[Round "6.4"]
[White "Oral,T"]
[Black "Neuman,P"]
[Result "1/2-1/2"]
[WhiteElo "2533"]
[BlackElo "2476"]

1.e4 d6 2.d4 Nf6 3.Nc3 e5 4.Nf3 Nbd7 5.Bc4 Be7 6.O-O c6 7.a4 O-O 8.Re1 b6
9.d5 cxd5 10.Nxd5 Bb7 11.b3 Rc8 12.Re2 Nc5 13.Nxf6+ Bxf6 14.Bd5 Qd7 15.Ba3 Bxd5
16.Qxd5 Rfd8 17.Rd2 Ne6 18.Qb5 Qb7 19.Re1 Nc5 20.Qe2 d5 21.Bxc5 Rxc5 22.exd5  1/2-1/2

[Event "TCh-CZE 2010-11"]
[Site "Czech Rep CZE"]
[Date "2011.01.23"]
[Round "7.6"]
[White "Haba,P"]
[Black "Priehoda,V"]
[Result "1/2-1/2"]
[WhiteElo "2529"]
[BlackElo "2398"]

1.e4 d6 2.d4 Nf6 3.Nc3 e5 4.Nf3 Nbd7 5.Bc4 Be7 6.O-O O-O 7.Re1 c6 8.a4 a5
9.h3 h6 10.Be3 Re8 11.Ba2 Qc7 12.dxe5 dxe5 13.Nh4 Bc5 14.Nf5 Bxe3 15.Rxe3 Nf8
16.Qd6 Qxd6 17.Nxd6 Re7 18.Rd1 Be6 19.Bxe6 Nxe6 20.Nc4 Nc5 21.f3 Rd7 22.Ree1 Rxd1
23.Rxd1 Nfd7 24.b3 f6 25.Kf2 Nf8 26.Rd2  1/2-1/2

[Event "TCh-BEL 2010-11"]
[Site "Liege BEL"]
[Date "2011.01.23"]
[Round "7.6"]
[White "Kaufeld,J"]
[Black "Valentiny,B"]
[Result "1-0"]
[WhiteElo "2286"]
[BlackElo "2026"]

1.e4 d6 2.d4 Nf6 3.Nc3 Nbd7 4.Nf3 e5 5.g4 h6 6.Rg1 c6 7.Be3 b5 8.Bd3 b4 9.Ne2 Bb7
10.dxe5 Nxe5 11.Nxe5 dxe5 12.Ng3 Qc7 13.Qe2 g6 14.O-O-O Nd7 15.Kb1 Bc5 16.Rd2 Qb6
17.Bc4 Bxe3 18.fxe3 Qc7 19.Rf1 Rf8 20.h4 Nb6 21.h5 Nxc4 22.Qxc4 Qe7 23.Rfd1 a5
24.Rd6 Rc8 25.hxg6 Qh4 26.Nf5 Qxg4 27.Qe6+  1-0

[Event "3rd Chennai Open"]
[Site "Chennai IND"]
[Date "2011.01.24"]
[Round "9"]
[White "Oleksienko,M"]
[Black "Danielsen,Hen"]
[Result "1-0"]
[WhiteElo "2552"]
[BlackElo "2519"]

1.e4 d6 2.d4 Nf6 3.Nc3 e5 4.Nf3 Nbd7 5.Bc4 Be7 6.O-O O-O 7.Re1 c6 8.a4 a5
9.h3 Nb6 10.Bd3 Qc7 11.b3 Re8 12.Bb2 Bf8 13.Ne2 g6 14.Qd2 Bg7 15.Ng3 Nbd7
16.Rad1 exd4 17.Bxd4 Ne5 18.Nh2 b6 19.f4 Ned7 20.Bc4 h5 21.Nf3 d5 22.exd5 Rxe1+
23.Rxe1 cxd5 24.Bxd5 Nxd5 25.Bxg7 Nxf4 26.Bh6 Ne6 27.Ne4 b5 28.axb5 Qb6+
29.Kh1 Qxb5 30.Nd6 Qc6 31.Nxf7 Bb7 32.Nd6 Ndc5 33.Ne5 Qc7 34.Nxb7 Qxb7 35.Nxg6 Qh7
36.Nf8 Rxf8 37.Bxf8 Kxf8 38.Qxa5 Qxc2 39.b4 Qd2 40.Ra1 Nd7 41.Rf1+ Ke7 42.Qxh5 Nf6
43.Qh4 Qb2 44.b5 Ng7 45.Qxf6+  1-0

[Event "Gibraltar Masters"]
[Site "Caleta ENG"]
[Date "2011.01.25"]
[Round "1.67"]
[White "Hauge,Lars Oskar"]
[Black "Kandic,Mila"]
[Result "0-1"]
[WhiteElo "1942"]
[BlackElo "2143"]

1.e4 d6 2.d4 Nf6 3.Nc3 c6 4.Nf3 Nbd7 5.e5 Nd5 6.Nxd5 cxd5 7.e6 fxe6 8.Ng5 Nf6
9.Bb5+ Bd7 10.Bxd7+ Qxd7 11.Qe2 Ne4 12.Nxe4 dxe4 13.Qxe4 Qc6 14.Qxc6+ bxc6
15.Be3 g6 16.O-O-O Bg7 17.Rhe1 Kd7 18.f4 h5 19.c4 Rab8 20.Kc2 c5 21.b3 cxd4
22.Bxd4 Bxd4 23.Rxd4 Rhf8 24.Re2 Rf6 25.Red2 Rbf8 26.g3 Rf5 27.b4 Kc6 28.Kd3 e5
29.fxe5 Rxe5 30.Re4 Rxe4 31.Kxe4 Rf1 32.Kd4 e5+ 33.Kc3 Rf3+ 34.Rd3 Rf1 35.b5+ Kc7
36.Kb4 Rb1+ 37.Ka5 Rb2 38.a4 Rc2 39.Ka6 Rxc4 40.a5 Ra4 41.Rc3+ Kd7 42.Kxa7 Rxa5+
43.Kb6 Ra2 44.Kb7 Rb2 45.b6 d5 46.Ka7 Kd6 47.b7 d4 48.Rc8 Kd5  0-1

[Event "Oceania Zonal"]
[Site "Rotorua NZL"]
[Date "2011.01.25"]
[Round "1.1"]
[White "Zhao Zong Yuan"]
[Black "Davis,J"]
[Result "1-0"]
[WhiteElo "2586"]
[BlackElo "2023"]

1.e4 d6 2.d4 Nf6 3.Nc3 e5 4.Nf3 Nbd7 5.Bc4 Be7 6.O-O O-O 7.Re1 c6 8.a4 h6
9.h3 Nh7 10.a5 Ng5 11.d5 Nxf3+ 12.Qxf3 Bg5 13.Bxg5 Qxg5 14.dxc6 bxc6 15.Red1 Qg6
16.Qg3 Qf6 17.Qd3 Qg5 18.Qd2 Qg6 19.Qxd6 Nf6 20.Rd3 Re8 21.Rg3 Qh7 22.Qxf6 Be6
23.Bxe6 Rxe6 24.Qf3 Rae8 25.Rd1 f5 26.exf5 Rf6 27.Rd7 Qxf5 28.Rgxg7+ Kf8
29.Qg3  1-0

[Event "Oceania Zonal"]
[Site "Rotorua NZL"]
[Date "2011.01.25"]
[Round "1.25"]
[White "Stevens,T"]
[Black "Mitchell,R"]
[Result "1-0"]
[WhiteElo "2050"]
[BlackElo "1672"]

1.e4 d6 2.d4 Nf6 3.Nc3 Nbd7 4.f4 e5 5.Nf3 exd4 6.Nxd4 g6 7.Be3 Bg7 8.Qf3 Nb6
9.h3 Nfd7 10.g4 Qh4+ 11.Bf2 Qe7 12.O-O-O Nc5 13.h4 Bd7 14.Bg2 Bc6 15.Nxc6 bxc6
16.Bxc5 Bxc3 17.Qxc3 O-O-O 18.Bxb6 axb6 19.Qxc6 Qe6 20.Rd3 d5 21.Qa8+ Kd7
22.Qxd5+ Qxd5 23.Rxd5+ Ke7 24.Rhd1 Rxd5 25.Rxd5 f6 26.g5 Rf8 27.gxf6+ Rxf6
28.f5 c6 29.Re5+ Kd7 30.Re6 Rxe6 31.fxe6+ Kxe6 32.Kd2 Ke5 33.Ke3  1-0

[Event "Gibraltar Masters"]
[Site "Caleta ENG"]
[Date "2011.01.26"]
[Round "2.75"]
[White "Hamer,M"]
[Black "Chapman,T"]
[Result "1/2-1/2"]
[WhiteElo "2041"]
[BlackElo "2250"]

1.e4 d6 2.d4 Nf6 3.Nc3 c6 4.Nf3 Bg4 5.Be2 Nbd7 6.a4 e5 7.O-O Be7 8.Be3 O-O
9.a5 Re8 10.dxe5 dxe5 11.Nd2 Bxe2 12.Qxe2 Bb4 13.a6 b5 14.Rfd1 Qc7 15.f3 Bc5
16.Nb3 Bxe3+ 17.Qxe3 Red8 18.Na5 b4 19.Ne2 c5 20.Nb7 Rdc8 21.Ng3 g6 22.Qg5 Kh8
23.Rd2 c4 24.h4 Ng8 25.h5 Nf8 26.hxg6 Nxg6 27.Nh5 c3 28.bxc3 bxc3 29.Rd6 Re8
30.Rad1 Rac8 31.Rd7 Qb6+ 32.Kh2 Rc7 33.Nd8 Re7 34.Rxe7 Rxe7 35.Qf5 Qc7 36.Kg3 Nf4
37.Nf6 Nxf6 38.Qxf6+ Kg8 39.Qg5+ Ng6 40.Nb7 Rd7 41.Rxd7 Qxd7 42.Qd8+ Qxd8
43.Nxd8 Ne7 44.Nb7 Nc6 45.Nd6 Nd4 46.Kf2 Nxc2 47.Nb5  1/2-1/2

[Event "Oceania Zonal"]
[Site "Rotorua NZL"]
[Date "2011.01.26"]
[Round "3.28"]
[White "Setiabudi,A"]
[Black "Mitchell,R"]
[Result "1-0"]
[WhiteElo "1906"]
[BlackElo "1672"]

1.e4 d6 2.d4 Nf6 3.Nc3 Nbd7 4.f4 e5 5.Nf3 exd4 6.Qxd4 c6 7.Be3 d5 8.exd5 Bc5
9.Qd2 Qb6 10.Bxc5 Nxc5 11.Qe2+ Kf8 12.O-O-O Bf5 13.Qe5 Be4 14.dxc6 Bxc6 15.Ng5 Re8
16.Qd6+ Kg8 17.Bc4 Ne6 18.Nxe6 Qe3+ 19.Kb1 Rxe6 20.Bxe6 Qxe6 21.Qb8+ Ne8
22.Rhe1 Kf8 23.Rxe6 fxe6 24.f5 exf5 25.Nd5 Kf7 26.Nb4 Bxg2 27.Rd7+ Ke6 28.Qd8  1-0

[Event "Gibraltar Masters"]
[Site "Caleta ENG"]
[Date "2011.01.28"]
[Round "4.11"]
[White "Weber,T"]
[Black "Kotronias,V"]
[Result "0-1"]
[WhiteElo "2310"]
[BlackElo "2599"]

1.e4 d6 2.d4 Nf6 3.Nc3 e5 4.Nf3 Nbd7 5.g4 Nxg4 6.Rg1 Ngf6 7.Be3 c6 8.Bc4 h6
9.Qe2 b5 10.Bb3 Qa5 11.dxe5 dxe5 12.O-O-O Ba6 13.Qe1 Qc7 14.Nh4 b4 15.Nb1 c5
16.c3 Bb5 17.Qd2 Nb6 18.f3 a5 19.Qf2 g6 20.Bc2 Nfd7 21.f4 a4 22.fxe5 Qxe5
23.cxb4 a3 24.Bd3 Nc4 25.Rd2 axb2+ 26.Rxb2 Bg7 27.Rc2 Nxe3 28.Bxb5 Nxc2 29.Bxd7+ Ke7
30.Qxc2 Kxd7 31.Nf3 Qf4+ 32.Nbd2 cxb4 33.Kb1 Rhc8 34.Qd3+ Ke7 35.e5 Rd8 36.Qb5 Kf8  0-1

[Event "Oceania Zonal"]
[Site "Rotorua NZL"]
[Date "2011.01.28"]
[Round "6.28"]
[White "Lynn,W"]
[Black "Mitchell,R"]
[Result "0-1"]
[WhiteElo "1962"]
[BlackElo "1672"]

1.e4 d6 2.d4 Nf6 3.Nc3 Nbd7 4.f4 e5 5.dxe5 dxe5 6.f5 Bb4 7.Bg5 O-O 8.Qf3 Nc5
9.Bxf6 Qxf6 10.Bd3 Bxc3+ 11.bxc3 b6 12.h4 Bb7 13.g4 Qc6 14.f6 g6 15.h5 Nxd3+
16.cxd3 Qxc3+ 17.Kf2 Qd4+ 18.Kg3 Qxa1 19.Ne2 Qxa2 20.Qe3 Qe6 21.Rf1 Kh8 22.hxg6 fxg6
23.Qg5 Rf7 24.d4 Bxe4 25.dxe5 Re8  0-1

[Event "Frauenbundesliga 1st Div 2010-11"]
[Site "Germany GER"]
[Date "2011.01.29"]
[Round "6.2"]
[White "Jaracz,B"]
[Black "Lauterbach,I"]
[Result "1/2-1/2"]
[WhiteElo "2274"]
[BlackElo "2109"]

1.e4 d6 2.d4 Nf6 3.Nc3 e5 4.Nf3 Nbd7 5.Bc4 Be7 6.O-O O-O 7.Re1 a6 8.a4 b6
9.Bg5 Bb7 10.Qd2 c6 11.Ba2 Qc7 12.Nh4 exd4 13.Qxd4 d5 14.exd5 Bc5 15.Qd1 Rae8
16.Be3 cxd5 17.Nf5 Ne5 18.h3 Qd7 19.Nd4 Nc6 20.Nce2 Nxd4 21.Nxd4 Qxa4 22.Bxd5 Qd7
23.Bxb7 Qxb7 24.c3 a5 25.Qd3 Qe4 26.Rad1 Qxd3 27.Rxd3 Nd5 28.Nb3 Nxe3 29.fxe3 Be7
30.Rd7 Bh4 31.Re2 Rd8 32.Red2 Rxd7 33.Rxd7 Re8 34.Rd3 g6 35.g4 Bg5 36.Kf2 Re6
37.Kf3 Rf6+ 38.Kg2 Bh4 39.Rd2 Re6 40.Rd3 Bg5 41.Kf3 Rf6+ 42.Kg2 Re6 43.Kf3 Rf6+  1/2-1/2

[Event "Moscow Open F Women"]
[Site "Moscow RUS"]
[Date "2011.01.29"]
[Round "1.43"]
[White "Terentieva,A"]
[Black "Khropova,L"]
[Result "0-1"]
[WhiteElo "1700"]
[BlackElo "2087"]

1.e4 d6 2.d4 Nf6 3.Nc3 Nbd7 4.Nf3 g6 5.e5 dxe5 6.dxe5 Ng4 7.e6 fxe6 8.Ng5 Nde5
9.Qxd8+ Kxd8 10.f4 h6 11.fxe5 hxg5 12.Bxg5 Nxe5 13.Rd1+ Bd7 14.Nb5 Bh6 15.Nd4 Ke8
16.Bxh6 Rxh6 17.Bb5 c6 18.Ba4 g5 19.Bb3 c5 20.Nf3 Nxf3+ 21.gxf3 Bc6 22.Kf2 Rf6
23.Rhg1 Bxf3 24.Rd2 b5 25.c4 Bd5+ 26.Ke1 bxc4 27.Ba4+ Kf7 28.Rxg5 Rh8 29.b3 c3
30.Rc2 Rh3 31.Rg3 Rxg3 32.hxg3 Rf3 33.g4 Be4 34.Rc1 c2 35.b4 cxb4 36.Ke2 Rg3
37.Rf1+ Kg7 38.Kd2 Rxg4 39.Rf2 a5 40.Re2 Kf6 41.Bxc2 Bxc2 42.Kxc2 Rg3 43.Rf2+ Ke5
44.Rf7 Kd6 45.Rf8 a4 46.Rd8+ Kc5 47.Rd7 Rg2+ 48.Kb1 e5  0-1

[Event "Moscow Open F Women"]
[Site "Moscow RUS"]
[Date "2011.01.29"]
[Round "1.38"]
[White "Kineva,E"]
[Black "Morozova,Ulia"]
[Result "1-0"]
[WhiteElo "2120"]
[BlackElo "1724"]

1.e4 d6 2.d4 Nf6 3.Nc3 e5 4.Nf3 Nbd7 5.Bc4 Be7 6.O-O O-O 7.a4 c6 8.Bb3 b6
9.Qe2 a6 10.Rd1 Qc7 11.h3 Rb8 12.Bg5 b5 13.axb5 axb5 14.d5 Nc5 15.dxc6 Nxb3
16.Bxf6 Bxf6 17.cxb3 Qxc6 18.Nd5 Be6 19.Rac1 Qa6 20.Nxf6+ gxf6 21.Nh4 Rfc8
22.Ra1 Qb6 23.Rd3 Kh8 24.Qd2 Rg8 25.Rxd6 Qb7 26.Qe3 Rgd8 27.Ra7 Qc8 28.Qh6 Kg8
29.Rxe6  1-0

[Event "Gibraltar Masters"]
[Site "Caleta ENG"]
[Date "2011.01.30"]
[Round "6.36"]
[White "Gaponenko,I"]
[Black "Chapman,T"]
[Result "1-0"]
[WhiteElo "2466"]
[BlackElo "2250"]

1.e4 d6 2.d4 Nf6 3.Nc3 c6 4.f4 Qa5 5.e5 Ne4 6.Qf3 d5 7.Bd3 g6 8.Ne2 Bf5 9.g4 Nxc3
10.bxc3 Bxd3 11.cxd3 Na6 12.f5 O-O-O 13.fxg6 fxg6 14.O-O Nc7 15.a4 Qa6 16.Ba3 Re8
17.Ng3 Bh6 18.g5 Bf8 19.Kg2 Kb8 20.h4 b6 21.a5 b5 22.Bc5 Qc8 23.c4 h6 24.cxb5 Nxb5
25.Rh1 e6 26.Qe3 Qd8 27.Rhc1 hxg5 28.hxg5 Qd7 29.Bxf8 Rexf8 30.Rh1 Qe7 31.Rh6 Qb4
32.Ne2 Qb2 33.Rd1 Rhg8 34.Rh7 Qb4 35.Rc1 Rf5 36.Rxc6 Qxa5 37.Ng3 Qa2+ 38.Kg1 Qa1+
39.Kg2 Qb2+ 40.Kg1 Qa1+ 41.Rc1 Rf3 42.Qxf3 Qxc1+ 43.Kg2 Rc8 44.Qf7 Rc2+ 45.Kh3 Nc7
46.Qg8+ Kb7 47.Qxe6 Qg1 48.Qxd5+ Kb6 49.Qd6+ Kb5 50.Qd7+ Kb4 51.Kg4 Qd1+
52.Kh3 Qg1 53.Kg4 Qd1+ 54.Kh3 Qg1 55.Rf7 Rg2 56.Qd6+ Kb3 57.e6 Qh2+ 58.Kg4 Qh5+
59.Kf4 Qh2 60.Kg4 Qh5+ 61.Kf4 Qh2 62.Kf3 Rf2+ 63.Kg4 Rg2 64.Qxc7 Qh5+ 65.Kf4 Qh2
66.Qc4+  1-0

[Event "49th TCh-DEN XtraCon 2010-11"]
[Site "Denmark DEN"]
[Date "2011.01.30"]
[Round "6.4"]
[White "Bank,P"]
[Black "Nielsen,PE1"]
[Result "1-0"]
[WhiteElo "2245"]
[BlackElo "2243"]

1.e4 d6 2.d4 Nf6 3.Nc3 e5 4.Nge2 Nc6 5.f3 Be7 6.Be3 exd4 7.Nxd4 Nxd4 8.Qxd4 Be6
9.O-O-O O-O 10.g4 Nd7 11.Be2 Ne5 12.Nd5 Nc6 13.Qc3 Re8 14.h4 Bxd5 15.Rxd5 a6
16.g5 Bf8 17.h5 Re5 18.g6 Rxd5 19.exd5 Ne7 20.gxf7+ Kxf7 21.Bd3 h6 22.Be4 Qd7
23.Qd3 c6 24.Rh4 Re8 25.c4 cxd5 26.cxd5 Qb5 27.Qxb5 axb5 28.Rh2 Rc8+ 29.Rc2 Rxc2+
30.Kxc2 g6 31.Bf4 Nf5 32.Bxf5 gxf5 33.Kb3  1-0